000 00449nam a2200169Ia 4500
003 GCL
008 140319s9999 xx 000 0 ara d
040 _aGCL /
_cGCL
082 0 4 _a813.03
_bح م
100 1 _aحميدة نعنع
245 1 0 _aمن يجرؤ على الشوق /
_cحميدة نعنع
300 _a245 ص
490 _aكتاب
_v0
650 0 4 _aالادب العربى
650 0 4 _aالقصص الروائية
942 _2ddc
_cBK
999 _c41906
_d41906